000 00397nam a22001457a 4500
020 _qHB.
040 _cFizza Ishaq
082 _a519.5
_bLAR
100 _aLARSEN ,RICHARD J.
_9131665
245 _aAn Introduction to Mathematical Statistics & Its Applications /
_cRICHARD LARSEN.
250 _a2nd ed.
260 _a New Jersey:
_bPrentice Hall,
_c1986.
300 _a630 P. ;
942 _2ddc
_cBK
999 _c615273
_d615273